| 000 | 00591nam a2200205Ia 4500 | ||
|---|---|---|---|
| 003 | GCL | ||
| 008 | 140319s9999 xx 000 0 eng d | ||
| 040 |
_aGCL / _cGCL |
||
| 082 | 0 | 4 |
_a617.600285 _bA D |
| 100 | 1 | _aABLEY, LOUIS M. | |
| 245 | 1 | 0 |
_aDENTAL INFORMATION: INTEGRATING TECHNOLOGY INTO THE DENTAL ENVIRONMENT / _cABLEY, LOUIS M. |
| 700 | 1 | _aZIMMERMAN | |
| 260 |
_a[S.N] : _bSPRINGER - VERLAG ، _c1991 |
||
| 300 | _a342 P | ||
| 650 | 0 | 4 | _aDENTISTRY |
| 650 | 0 | 4 | _aMEDICAL INFORMATION |
| 650 | 0 | 4 | _aDATA PROCESSING |
| 650 | 0 | 4 | _aMEDICAL INFORMATION APPLICATION |
| 942 |
_2ddc _cBK |
||
| 999 |
_c21834 _d21834 |
||